000 02458cam a22005655a 4500
999 _c3128
_d3128
001 19043211
003 GZU
005 20210512123837.0
008 160405s2013 enkab b 001 0 eng d
010 _a 2016301438
015 _aGBB280158
_2bnb
016 7 _a016148139
_2Uk
020 _a9781780932439
_q(hbk.)
020 _a178093243X
_q(hbk.)
020 _a9781780932514
_q(pbk.)
020 _a1780932510
_q(pbk.)
020 _z9781780932484
_q(epub eBook)
020 _z9781780932491
_q(PDF eBook)
035 _a(OCoLC)ocn813402440
040 _aNLE
_beng
_cNLE
_dOCLCO
_dUKMGB
_dIUL
_dOCLCF
_dDGU
_dOCL
_dCDX
_dOCLCQ
_dYDXCP
_dDLC
042 _alccopycat
050 0 0 _aJZ1310
_b.N495 2013
082 0 4 _a327
_223
245 0 0 _aNew perspectives in international development /
_cedited by Melissa Butcher and Theo Papaioannou.
260 _aLondon ;
_aNew York :
_bBloomsbury Academic :
_bThe Open University,
_c2013.
300 _a236 pages :
_billustrations (chiefly color), maps ;
_c27 cm.
336 _atext
_btxt
_2rdacontent
337 _aunmediated
_bn
_2rdamedia
338 _avolume
_bnc
_2rdacarrier
490 0 _aInternational development
500 _a"This publication forms part of the Open University module TD223 International development: making sense of a changing world"--Page opposite title page.
504 _aIncludes bibliographical references and index.
650 0 _aInternational relations.
650 0 _aEconomic development.
650 0 _aHuman security.
650 0 _aSecurity, International.
650 7 _aHuman security
_2fast
_0(OCoLC)fst01749591
650 7 _aEconomic development.
_2fast
_0(OCoLC)fst00901785
650 7 _aInternational relations.
_2fast
_0(OCoLC)fst00977053
650 7 _aSecurity, International.
_2fast
_0(OCoLC)fst01110895
700 1 _aButcher, Melissa,
_d1966-
700 1 _aPapaioannou, Theo.
710 2 _aOpen University.
856 4 2 _3Contributor biographical information
_uhttps://www.loc.gov/catdir/enhancements/fy1618/2016301438-b.html
856 4 2 _3Publisher description
_uhttps://www.loc.gov/catdir/enhancements/fy1618/2016301438-d.html
856 4 1 _3Table of contents only
_uhttps://www.loc.gov/catdir/enhancements/fy1618/2016301438-t.html
906 _a7
_bcbc
_ccopycat
_d2
_encip
_f20
_gy-gencatlg
942 _2lcc
_cBK
_h1310
_iNEW
_kJZ
_m2013